000 00517nam a2200181Ia 4500
005 20250326125434.0
008 250326s9999 xx 000 0 und d
037 _aTextbook
040 _aFMSL
_beng
_cFMSL
041 _aeng
_2eng
084 _aY4(X8) L0
_qFMSL
100 _aPaker S R
_9739088
245 0 _aSociology of industry
_cPaker S R; Brown R K And Others
260 _aLondon
_bLondon, George Allen And Unwin
_c1970
300 _a182p
942 _cTB
_hY4(X8) L0
999 _c1278069
_d1278069